Loading...

Seasonal changes in water quality, biodiversity and distribution of phytoplankton in Chaliyar and Kallai rivers of Kozhikode, Kerala (Ph.D Thesis)

Bibliographic Details
Main Author: Alex, Romeo
Format: Printed Book
Published: Kozhikode CWRDM 2014
Subjects:
LEADER 00568nam a22001457a 4500
082 |a 628  |b ALE/S 
100 |a Alex, Romeo 
245 |a Seasonal changes in water quality, biodiversity and distribution of phytoplankton in Chaliyar and Kallai rivers of Kozhikode, Kerala (Ph.D Thesis) 
260 |a Kozhikode  |b CWRDM  |c 2014 
300 |a 310p. 
650 |a Hydrology 
650 |a Rivers of Kerala 
942 |c REF 
999 |c 43031  |d 43031 
952 |0 0  |1 0  |4 0  |6 628_000000000000000_ALES  |7 0  |8 Reference  |9 46944  |a KUCL  |b KUCL  |c Reference  |d 2016-12-14  |l 0  |o 628 ALE/S  |p T480  |r 2016-12-14  |w 2016-12-14  |y REF